| 000 | 00655nam a2200181 u 4500 | ||
|---|---|---|---|
| 001 | 000036162 | ||
| 005 | 20200930074926.0 | ||
| 008 | 111221s1919 sp r 000 0 spa d | ||
| 040 |
_aDO-SdBNP _bspa _cBNPHU |
||
| 082 |
_axxxx _bR741c |
||
| 100 | 1 |
_aRojas, Arítides _962201 |
|
| 245 | 1 | 0 |
_aCapitulos de la historia colonial de Venezuela / _cArítides Rojas. |
| 260 |
_aMadrid : _bEditorial América. |
||
| 300 |
_a237 p. ; _c19 cm. |
||
| 490 | 1 | _aBiblioteca de la juventud hispano-américana | |
| 500 | _aIncluye referencias bibliográficas y notas al pie de las páginas | ||
| 590 | _aPerteneció a la biblioteca personal de Juan Isidro Jimenes Grullón | ||
| 999 |
_c35653 _d35653 |
||